000 00393nmm a2200145Ia 4500
008 251105s9999||||xx |||||||||||||||||und||
041 _aspa
100 _aBargues, Elena
245 0 _aEl valor de una condesa
264 _a[Madrid, España] :
_bEdiciones B,
_c2016
300 _a240 páginas
650 _aRomance
856 _uhttps://public.digitaliapublishing.com/a/53797
942 _cCF
999 _c106132
_d106132